Quién quiere adivinar? /
Guardado en:
| Autor Principal: | |
|---|---|
| Formato: | Libro |
| Publicado: |
Buenos Aires :
Braga,
1991
|
| Series: | Colección Alas de Colibri
|
| Materias: | |
| Etiquetas: |
Agregar Etiqueta
Sin Etiquetas, Sea el primero en etiquetar este registro!
|
| LEADER | 00988nam a22002415a 4500 | ||
|---|---|---|---|
| 001 | CEM.cems012919 | ||
| 005 | 20080618093351.0 | ||
| 008 | 130507s1991##################000#0#####d | ||
| 003 | CEMS | ||
| 020 | |a 9507550194 | ||
| 082 | 0 | 4 | |a SG372.21 |
| 100 | 1 | |a Reyes, María del Carmen | |
| 245 | 1 | 0 | |a Quién quiere adivinar? / |c María Del Carmen Reyes |
| 260 | |a Buenos Aires : |b Braga, |c 1991 | ||
| 300 | |a 65 p. | ||
| 490 | 0 | |a Colección Alas de Colibri | |
| 505 | 0 | |a Adivinanzas sobre aritmética y letras -- Adivinanzas sobre fenómenos naturales y del cosmos -- La historia de la sandalia -- Adivinanzas sobre vegetales y frutos -- Adivinanzas sobre animales: la vaquita Mumi -- Adivinanzas sobre personas -- Adivinanzas sobre objetos -- Uf...Ufa...Requete Ufa | |
| 653 | |a Educación | ||
| 653 | |a Nivel incial | ||
| 653 | |a Literatura infantil | ||
| 653 | |a Adivinanzas | ||
| 653 | |a Biblioteca maría de los angeles saggio | ||
| 859 | |a CEMS |b BIB. CEMS - 11 de abril |h SG372.21 |i R331 |p 25214.08 |t Ej.1 | ||
